| 000 | 01323nam a2200301 4500 | ||
|---|---|---|---|
| 003 | EC-UNACH | ||
| 005 | 20251016114105.0 | ||
| 006 | s||||gr|||| 00| 00 | ||
| 008 | 150116t9999 mx r gr 000 0 spa d | ||
| 020 | _a958-635-190-4 | ||
| 040 |
_aEC-UNACH _cEC-UNACH |
||
| 041 | _aspa | ||
| 082 | 0 | 4 |
_223 _a352.53 _bl005426 |
| 110 | _aLibreria del profesional | ||
| 245 | _aLos principales contratos civiles y comerciales | ||
| 250 | _aSegunda edicion | ||
| 264 |
_aColombia _bLibreria del profesional _c1992 |
||
| 300 | _a355 | ||
| 505 | _aCapitulo 1- Contrato de fianza Capitulo 2- Contrato de prenda Capitulo 3- Contrato de hipoteca Capitulo 4- Contrato de anticresis Capitulo 5-Contrato de transacción Capitulo 6- Contrato de compromiso y la clausula compromisoria Capitulo 7- De los contratos de juego y apuesta Capítulo 8- Contrato de renta vitalicia Capitulo 9- Contrato de suministro Capitulo 10- Contrato de transporte Capitulo 11- Contrato de fiducia Capitulo 12- Contrato de consignación o estimatorio Capitulo 13- Contrato de edición | ||
| 650 | _aContratos | ||
| 650 | _aCiviles | ||
| 650 | _aComerciales | ||
| 700 | _aJose Alejandro Bonivento Fernandez | ||
| 942 |
_2ddc _c1 |
||
| 999 | _c14015 | ||